Statistics for Horror Movie Franchises #37: The Invisible Man

Click here to take the quiz!

General Stats

  • This quiz has been taken 2 times
  • The average score is 4 of 6

Answer Stats

Movie% Correct
The Invisible Man
100%
The Invisible Man Returns
100%
The Invisible Woman
100%
Invisible Agent
50%
The Invisible Man’s Revenge
50%
Abbott and Costello Meet The Invisible Man
0%

Score Distribution

Percentile by Number Answered

Percent of People with Each Score

Your Score History

You have not taken this quiz